Árképzés a mobiltelefon-szolgáltatások magyarországi piacán
Elmentve itt :
| Szerző: | |
|---|---|
| További közreműködők: | |
| Dokumentumtípus: | Szakdolgozat |
| Megjelent: |
2002
|
| Tárgyszavak: | |
| Online Access: | http://diploma.bibl.u-szeged.hu/4597 |
| LEADER | 00594nta a2200157 i 4500 | ||
|---|---|---|---|
| 001 | dipl4597 | ||
| 005 | 20130314073641.0 | ||
| 008 | 110623s2002 hu om 0|| zxx d | ||
| 040 | |a SZTE Diploma Repozitórium |b hun | ||
| 041 | |a zxx | ||
| 100 | 1 | |a Tóth András | |
| 245 | 1 | 0 | |a Árképzés a mobiltelefon-szolgáltatások magyarországi piacán |h [elektronikus dokumentum] / |c András Tóth |
| 260 | |c 2002 | ||
| 650 | 4 | |a Gazdaságtudományok | |
| 700 | 1 | |a Mozsár Ferenc |e ths | |
| 856 | 4 | 0 | |u http://diploma.bibl.u-szeged.hu/id/eprint/4597/1/Microsoft_Word_-_T%C3%B3thAndr%C3%A1s_szakdolgozat.pdf |z Dokumentum-elérés |